00529cam a22002171 4500001001300000003000400013005001700017008004100034010001700075035002000092040001800112042001200130050002100142100002300163245003400186260002100220300002400241500001800265500001100283999001700294sa 64004678 DLC20260227112027.0890926s1962 ii 000 0 malo  asa 64004678  a(OCoLC)20398018 aDLCcWaUdDLC apremarc00aPL4718.9.K59bD42 aKochunny Menon, M.10aDēśīyōdgr̲athanaṃ. a[Trichur,c1962] axvii, 40 p.c18 cm. aIn Malayalam. aPoems. c58686d58686